000 005640000a22001930004500
020 _a84-493-0905-0
041 0 _aSPA
082 0 4 _aG 371.1024 F679c
100 1 _aFontana, David
245 1 0 _aEl control del comportamiento en el aula / David Fontana ; Cruz Pardo Riaño, Traductor
260 _aBarcelona, España : Paidós
300 _a192 Pag
500 _aTitulo original : Managing Classroom behaviour
001 9950
942 _cBK
999 _c39758
_d39758
336 _atexto
_btxt
_2rdacontent
337 _2rdamedia
_asin mediación
_bn
338 _2rdacarrier
_avolumen
_bnc